Kisah-kisah lelaki teladan

Bibliographic Details
Main Author: Muhammad Baihaqi
Format: Book
Published: Selangor : Pustaka ilmi , 2000
Subjects:

MARC

LEADER 00000cam a2200000 7i4500
001 0000011412
005 20220517.0
020 |a 9839888358 
040 |a INS 
090 0 0 |a BP75.5   |b M83 2000 
100 0 |a Muhammad Baihaqi 
245 1 0 |a Kisah-kisah lelaki teladan   |c Muhammad Baihaqi 
260 |a Selangor :   |b Pustaka ilmi ,   |c 2000 
300 |a vii, 320p ;   |c 20cm. 
650 0 0 |a Biography-collected works   |x Islamic sects-Biography 
999 |a 0000010953   |b BOOK   |c Open Shelf   |e Default branch